<?xml version="1.0" encoding="UTF-8"?>
<collection xmlns="http://www.loc.gov/MARC21/slim">
 <record>
  <leader>01320nam a2200241   4500</leader>
  <controlfield tag="001">1/48781</controlfield>
  <controlfield tag="008">190521s2005    gr a          00000 gre  </controlfield>
  <datafield tag="035" ind1=" " ind2=" ">
   <subfield code="l">51779</subfield>
  </datafield>
  <datafield tag="040" ind1=" " ind2=" ">
   <subfield code="a">GR-PeUP</subfield>
  </datafield>
  <datafield tag="082" ind1="0" ind2="0">
   <subfield code="a">938.174 PEY ΜΤΦ</subfield>
  </datafield>
  <datafield tag="100" ind1="1" ind2=" ">
   <subfield code="a">Peyrefitte, Roger,</subfield>
   <subfield code="d">1907-2000.</subfield>
  </datafield>
  <datafield tag="245" ind1="1" ind2="0">
   <subfield code="a">Τα χρόνια της νεότητας του Μεγάλου Αλεξάνδρου /</subfield>
   <subfield code="c">αποσπάσματα από το βιβλίο του Ροζέ Πεϋρεφίτ ; επιμέλεια, μετάφραση, σχόλια από το γαλλικό κείμενο του Λάκη Ιωαννίδη.</subfield>
  </datafield>
  <datafield tag="260" ind1=" " ind2=" ">
   <subfield code="a">[Θεσσαλονίκη] :</subfield>
   <subfield code="b">[χ.ό.],</subfield>
   <subfield code="c">2005.</subfield>
  </datafield>
  <datafield tag="300" ind1=" " ind2=" ">
   <subfield code="a">32 σ.</subfield>
   <subfield code="b">εικ. ;</subfield>
   <subfield code="c">24 εκ.</subfield>
  </datafield>
  <datafield tag="500" ind1=" " ind2=" ">
   <subfield code="a">Τίτλος πρωτοτύπου: Alexander the Great's art of strategy.</subfield>
  </datafield>
  <datafield tag="600" ind1="1" ind2="4">
   <subfield code="a">Αλέξανδρος,</subfield>
   <subfield code="c">Ο Μέγας,</subfield>
   <subfield code="d">356-323.</subfield>
  </datafield>
  <datafield tag="600" ind1="1" ind2="4">
   <subfield code="a">Alexander, the Great</subfield>
   <subfield code="d">356-323 B.C.</subfield>
   <subfield code="x">Military leadership.</subfield>
  </datafield>
  <datafield tag="650" ind1=" " ind2="4">
   <subfield code="a">Στρατηγοί</subfield>
   <subfield code="z">Μακεδονία.</subfield>
  </datafield>
  <datafield tag="650" ind1=" " ind2="4">
   <subfield code="a">Βιογραφία.</subfield>
  </datafield>
  <datafield tag="650" ind1=" " ind2="4">
   <subfield code="a">Generals</subfield>
   <subfield code="z">Macedonia</subfield>
   <subfield code="v">Biography.</subfield>
  </datafield>
  <datafield tag="700" ind1="1" ind2=" ">
   <subfield code="a">Ιωαννίδης, Λάκης Α.</subfield>
  </datafield>
  <datafield tag="852" ind1=" " ind2=" ">
   <subfield code="a">INST</subfield>
   <subfield code="b">UNIPILB</subfield>
   <subfield code="c">MAIN</subfield>
   <subfield code="e">20190522</subfield>
   <subfield code="h">938.174 PEY ΜΤΦ</subfield>
   <subfield code="p">00180128</subfield>
   <subfield code="q">00180128</subfield>
   <subfield code="t">LOAN</subfield>
   <subfield code="y">0</subfield>
   <subfield code="4">1</subfield>
  </datafield>
  <datafield tag="852" ind1=" " ind2=" ">
   <subfield code="a">INST</subfield>
   <subfield code="b">UNIPILB</subfield>
   <subfield code="c">MAIN</subfield>
   <subfield code="e">20190522</subfield>
   <subfield code="h">938.174 PEY ΜΤΦ</subfield>
   <subfield code="p">00180129</subfield>
   <subfield code="q">00180129</subfield>
   <subfield code="t">LOAN</subfield>
   <subfield code="y">0</subfield>
   <subfield code="4">2</subfield>
  </datafield>
 </record>
</collection>
